| 000 | 01916nam0a2200457 4500 | ||
|---|---|---|---|
| 001 | RU\NLR\bibl\434578 | ||
| 005 | 20250623172834.0 | ||
| 010 |
_a5-9268-0112-5 _93000 |
||
| 021 |
_aRU _b2003-33202 _91573 |
||
| 035 | _a(NLR Aleph) 000428397 | ||
| 090 |
_a739086 _c739086 |
||
| 100 | _a20030826d2002 |||y0rusy50 ca | ||
| 101 | 0 | _arus | |
| 102 | _aRU | ||
| 105 | _ay ||||||||| | ||
| 135 | _acrmn 024apada | ||
| 200 | 1 |
_aФольклорная арттерапия _fЛ.Д. Назарова |
|
| 210 |
_aСПб. _cРечь _d2002 |
||
| 215 |
_a239 с. _d20 |
||
| 225 | 1 | _aArt-терапия | |
| 325 | _aКопия доступна в электронной библиотеке РНБ | ||
| 606 | 0 |
_aАрт-терапия _92087582 _3RU\NLR\auth\661263750 |
|
| 606 | 0 |
_aМузыкальный фольклор русский _91388429 _3RU\NLR\auth\66270065 |
|
| 610 | 0 | _aМузыкальный фольклор русский | |
| 610 | 0 | _aПсихотерапия | |
| 675 |
_a615.851 _v3 _zrus |
||
| 686 |
_a76.29 _2rugasnti |
||
| 686 |
_a53.57 _2rubbk |
||
| 686 | _aР357.19 | ||
| 686 | _aЩ313(2Р=Рус)0 | ||
| 700 | 1 |
_4070 _aНазарова _bЛ. Д. _cканд. пед. наук, арттерапия _f1955- _gЛюдмила Дмитриевна _9135899 _3RU\NLR\AUTH\770135934 |
|
| 801 | 0 |
_aRU _bRKP _c20030826 _gPSBO |
|
| 801 | 1 |
_aRU _bRKP _c20030826 |
|
| 801 | 2 |
_aRU _bNLR _c20031009 _grcr |
|
| 901 | _eКнижные издания | ||
| 942 | _cBOOK | ||
| 980 | _aNB | ||
| 981 | 1 | 3 |
_a(13) Документы, защищенные авторским правом _b(13) Современная научная, научно-популярная и популярная литература |